书目信息 |
| 题名: |
一鸣集
|
|
| 作者: | 黄一鸣 著 | |
| 分册: | ||
| 出版信息: | 上海 上海文化出版社 2013 |
|
| 页数: | 253页 | |
| 开本: | 25cm | |
| 丛书名: | ||
| 单 册: | ||
| 中图分类: | J419.1 | |
| 科图分类: | ||
| 主题词: | 新闻摄影--摄影评论--世界 | |
| 电子资源: | ||
| ISBN: | 978-7-5535-0041-6 | |
| 000 | 00795nam0 2200253 450 | |
| 001 | 338126 | |
| 005 | 20150601145923.31 | |
| 010 | @a978-7-5535-0041-6@dCNY68.00 | |
| 100 | @a20130620d2013 em y0chiy50 ea | |
| 101 | 0 | @achi |
| 102 | @aCN@b310000 | |
| 105 | @aa z 000yy | |
| 106 | @ar | |
| 200 | 1 | @a一鸣集@Ayi ming ji@d= Photoin thought@e纪实摄影断想@f黄一鸣著@zeng |
| 210 | @a上海@c上海文化出版社@d2013 | |
| 215 | @a253页@c照片@d25cm | |
| 330 | @a本书共分为三章, 内容包括: 纪实摄影断想、前言后语、黄一鸣对话与研究。 | |
| 510 | 1 | @aPhoto in thought@zeng |
| 517 | 1 | @a纪实摄影断想@Aji shi she ying duan xiang |
| 606 | 0 | @a新闻摄影@x摄影评论@y世界 |
| 690 | @aJ419.1@v5 | |
| 701 | 0 | @a黄一鸣@Ahuang yi ming@f(1960)@4著 |
| 801 | 0 | @aCN@b卓展宏图@c20150525 |
| 905 | @dJ419.1@e294@f4 | |
| 一鸣集= Photoin thought:纪实摄影断想/黄一鸣著.-上海:上海文化出版社,2013 |
| 253页:照片;25cm |
| ISBN 978-7-5535-0041-6:CNY68.00 |
| 本书共分为三章, 内容包括: 纪实摄影断想、前言后语、黄一鸣对话与研究。 |
| ● |
| 相关链接 |
|
|
|
|
正题名:一鸣集
索取号:J419.1/294
 
预约/预借
| 序号 | 登录号 | 条形码 | 馆藏地/架位号 | 状态 | 备注 |
| 1 | 857459 | 208574595 | 第一样本阅览室/ [索取号:J419.1/294] | 在馆 | |
| 2 | 857460 | 208574602 | 密集书库-文学院/ [索取号:J419.1/294] | 在馆 | |
| 3 | 857461 | 208574611 | 第一借阅区/ [索取号:J419.1/294] | 在馆 | |
| 4 | 857462 | 208574620 | 第一借阅区/ [索取号:J419.1/294] | 在馆 |